| 000 | 00672nam a2200229 a 4500 | ||
|---|---|---|---|
| 001 | 24389 | ||
| 003 | CO-ViMGA | ||
| 008 | 141112s2004 ck r 000 u spa d | ||
| 020 | _a9789589780923 | ||
| 040 |
_aCO-ViMGA _bspa _cCO-ViMGA |
||
| 041 | _aSPA | ||
| 090 | _aA CHA | ||
| 100 | 1 |
_aCharlat, Beno¯t, 1978 - _935880 |
|
| 245 | 1 | 0 |
_aNo te metas los dedos en la nariz / _cBeno¯t Charlat |
| 260 |
_aBarcelona : _bCorimbo, _c2010 |
||
| 300 | _a16 | ||
| 650 | 1 | 4 |
_aAUTORES FRANCESES _91076 |
| 650 | 1 | 4 |
_aLEER ES MI CUENTO - COLECCION 2011 _935881 |
| 650 | 1 | 4 |
_aLIBROS DE IMAGENES _929438 |
| 650 | 1 | 4 |
_aLITERATURA INFANTIL FRANCESA - SIGLO XXI _935882 |
| 942 |
_2ddc _cBK |
||
| 999 |
_c2286 _d2286 |
||